Central Library OPAC University of Rajshahi

Ukraine's trade policy : (Record no. 60596)

MARC details
000 -LEADER
fixed length control field 00914nam a2200289 a 4500
001 - CONTROL NUMBER
control field 60596
003 - CONTROL NUMBER IDENTIFIER
rucl marc code BD-RjUL
005 - DATE AND TIME OF LATEST TRANSACTION
control field 20211209080848.0
008 - FIXED-LENGTH DATA ELEMENTS--GENERAL INFORMATION
fixed length control field 170101s2005 dcua b 000 0 eng
020 ## - INTERNATIONAL STANDARD BOOK NUMBER
International Standard Book Number 0821362860
International Standard Book Number 9780821362860
International Standard Book Number 02532123
035 ## - SYSTEM CONTROL NUMBER
System control number (BD-RjUL)60720
040 ## - CATALOGING SOURCE
Original cataloging agency BD-RjUL
Transcribing agency BD-RjUL
Modifying agency BD-RjUL
Language of cataloging eng
041 ## - LANGUAGE CODE
Language code of text/sound track or separate title eng
082 00 - DEWEY DECIMAL CLASSIFICATION NUMBER
Edition number 23
Classification number 382.309477
Author mark and year UKR 2005
245 00 - TITLE STATEMENT
Title Ukraine's trade policy :
Remainder of title a strategy for integration into global trade /
Statement of responsibility, etc. World Bank
260 ## - PUBLICATION, DISTRIBUTION, ETC. (IMPRINT)
Place of publication, distribution, etc. Washington, DC :
Name of publisher, distributor, etc. World Bank,
Date of publication, distribution, etc. c2005.
300 ## - PHYSICAL DESCRIPTION
Pagination xxxii, 232 p. :
Illustrations ill. ;
Size 25 cm.
490 ## - SERIES STATEMENT
Series statement A World Bank country study
504 ## - BIBLIOGRAPHY, ETC. NOTE
Bibliography, etc Includes bibliographical references (p. 229-232).
651 #0 - SUBJECT ADDED ENTRY--GEOGRAPHIC NAME
Geographic name Ukraine
General subdivision Commercial policy.
9 (RLIN) 180485
Geographic name Ukraine
General subdivision Commerce.
9 (RLIN) 180486
710 2# - ADDED ENTRY--CORPORATE NAME
Corporate name or jurisdiction name as entry element World Bank.
9 (RLIN) 171728
830 ## - SERIES ADDED ENTRY--UNIFORM TITLE
Uniform title A World Bank country study
942 ## - ADDED ENTRY ELEMENTS (KOHA)
Source of classification or shelving scheme Dewey Decimal Classification
Koha item type Books
Holdings
Lost status Source of classification or shelving scheme Damaged status Not for loan Collection code Permanent Location Current Location Shelving location Date acquired Source of acquisition Total Checkouts Full call number Date last seen Copy number Koha item type
  Dewey Decimal Classification   Not For Loan Non-fiction Central Library, University of Rajshahi Central Library, University of Rajshahi Reading Room 21/04/2007 Japan Embassy   382.309477 UKR 2005 01/01/2017 C-1 Books